ՀՀ Գիտությունների ազգային ակադեմիայի հիմնարար գիտական գրադարան  =   Fundamental Scientific Library of NAS RA

Агрофитоценологическое исследование паров как предшественников озимой ржи / (Record no. 300735)

MARC details
000 -LEADER
fixed length control field 00908nam a2200205 a 4500
001 - CONTROL NUMBER
control field 000836624
003 - CONTROL NUMBER IDENTIFIER
control field AM-YeHGA
005 - DATE AND TIME OF LATEST TRANSACTION
control field 20250617144810.0
008 - FIXED-LENGTH DATA ELEMENTS--GENERAL INFORMATION
fixed length control field 111007s1975 ru r 000 0 rus d
040 ## - CATALOGING SOURCE
Original cataloging agency AM-YeHGA
041 0# - LANGUAGE CODE
Language code of text/sound track or separate title rus
090 ## - LOCALLY ASSIGNED LC-TYPE CALL NUMBER (OCLC); LOCAL CALL NUMBER (RLIN)
-- 302432
245 00 - TITLE STATEMENT
Title Агрофитоценологическое исследование паров как предшественников озимой ржи /
Statement of responsibility, etc. Науч. ред. М.В. Марков; Казанский гос. ун-т им. В.И. Ульянова-Ленина.
260 ## - PUBLICATION, DISTRIBUTION, ETC.
Place of publication, distribution, etc. Казань :
Name of publisher, distributor, etc. Изд-во Казанского ун-та,
Date of publication, distribution, etc. 1975.
300 ## - PHYSICAL DESCRIPTION
Extent 126 с. :
Other physical details табл. ;
Dimensions 19 см.
504 ## - BIBLIOGRAPHY, ETC. NOTE
Bibliography, etc. note Литер. с. 120-125
650 14 - SUBJECT ADDED ENTRY--TOPICAL TERM
Topical term or geographic name entry element Рожь
700 1# - ADDED ENTRY--PERSONAL NAME
Personal name Марков, М.В.
Relator term ред.
Relationship edt
710 2# - ADDED ENTRY--CORPORATE NAME
Corporate name or jurisdiction name as entry element Казанский государственный университет им. В.И. Ульянова-Ленина
Holdings
Withdrawn status Lost status Damaged status Not for loan Collection Home library Current library Date acquired Total checkouts Full call number Barcode Date last seen Price effective from Koha item type Public note
        General Fundamental Scientific Library Fundamental Scientific Library 09/01/2017   PII/378054 FL0352984 09/01/2017 09/01/2017 Գրքեր / Books 30 Days Loan


ՀՀ ԳԱԱ հիմնարար գիտական գրադարան
ՀՀ,Երևան 0019
Մարշալ Բաղրամյան 24/6
հեռախոս:(374-10) 52-47-50
Հետադարձ կապ

All site content, except where otherwise noted, is licensed under a
Creative Commons License